[Event "GER-chT U14"]
[Site "Magdeburg"]
[Date "2018.12.30"]
[Round "7.4"]
[White "Albrecht, Samuel"]
[Black "Gilbert, Tim"]
[Result "1-0"]
[WhiteElo "1062"]
[BlackElo "1617"]
[PlyCount "101"]
[EventDate "2018.12.27"]
[EventType "team-swiss"]
[EventRounds "7"]
[EventCountry "GER"]
[SourceTitle "CBM 188 Extra"]
[Source "ChessBase"]
[SourceDate "2019.02.26"]
[SourceVersion "1"]
[SourceVersionDate "2019.02.26"]
[SourceQuality "1"]
[WhiteTeam "Schoeneck"]
[BlackTeam "Erlangen"]
[WhiteTeamCountry "GER"]
[BlackTeamCountry "GER"]

1. e4 e6 2. d4 d5 3. exd5 exd5 4. Nc3 Nc6 5. Bb5 Bb4 6. Nge2 Nge7 7. 0-0 Bf5 8. Bg5 f6 9. Bf4 g5 10. Bd2 Qd7 11. Re1 0-0-0 12. a3 Bd6 13. b4 h5 14. Ba4 Qe6 15. Ng3 Qf7 16. Nxf5 Nxf5 17. Bxc6 bxc6 18. Qe2 g4 19. Qd3 Qg6 20. Ne2 Ne7 21. Qxg6 Nxg6 22. Rac1 Rhe8 23. g3 Re6 24. Kf1 Rh8 25. c4 h4 26. Kg2 f5 27. cxd5 cxd5 28. Nf4 Bxf4 29. Rxe6 Bxd2 30. Rd1 Rh6 31. Rxg6 Rxg6 32. Rxd2 h3+ 33. Kf1 Re6 34. Re2 Kd7 35. Rxe6 Kxe6 36. Ke2 Kf6 37. Ke3 Kg5 38. b5 Kg6 39. Kf4 Kf6 40. a4 Kg6 41. Ke5 Kg5 42. Ke6 f4 43. Ke5 f3 44. a5 Kg6 45. Kf4 Kh5 46. Kf5 Kh6 47. Kxg4 Kg6 48. Kxf3 Kf5 49. g4+ Kg5 50. Kg3 Kf6 51. Kxh3 1-0

[Event "GER-chT U14"]
[Site "Magdeburg"]
[Date "2018.12.27"]
[Round "1.4"]
[White "Albrecht, Samuel"]
[Black "Ellert, Oliver"]
[Result "1/2-1/2"]
[WhiteElo "1062"]
[BlackElo "1584"]
[PlyCount "125"]
[EventDate "2018.12.27"]
[EventType "team-swiss"]
[EventRounds "7"]
[EventCountry "GER"]
[SourceTitle "CBM 188 Extra"]
[Source "ChessBase"]
[SourceDate "2019.02.26"]
[SourceVersion "1"]
[SourceVersionDate "2019.02.26"]
[SourceQuality "1"]
[WhiteTeam "Schoeneck"]
[BlackTeam "Berlin Empor"]
[WhiteTeamCountry "GER"]
[BlackTeamCountry "GER"]

1. e4 d5 2. exd5 Nf6 3. Nf3 Nxd5 4. Bc4 Bg4 5. 0-0 e6 6. d3 Be7 7. Be3 c6 8. Nbd2 Nd7 9. h3 Bh5 10. Bxd5 cxd5 11. c4 dxc4 12. Nxc4 0-0 13. Qb3 Bxf3 14. gxf3 b6 15. Kh1 Nf6 16. Rg1 Nd5 17. Ne5 Nxe3 18. fxe3 g6 19. Ng4 Bd6 20. Qc3 f6 21. Qc4 Qe7 22. Qd4 Kg7 23. Rac1 e5 24. Qd5 Rac8 25. Rxc8 Rxc8 26. Rd1 f5 27. Nf2 Rc2 28. Rf1 Rxb2 29. d4 exd4 30. Qxd4+ Be5 31. Qd5 Bf6 32. e4 fxe4 33. Nxe4 Qc7 34. f4 Qc2 35. Rf2 Qc1+ 36. Kg2 Rxf2+ 37. Nxf2 Qa3 38. Ne4 Qe7 39. Nxf6 Qxf6 40. Qd7+ Qf7 41. Qd4+ Kh6 42. Qa4 Qd5+ 43. Kg3 Qd3+ 44. Kg2 Qe2+ 45. Kg3 Qe7 46. a3 b5 47. Qa5 Qc5 48. a4 Qa3+ 49. Kg4 Qxa4 50. Qd8 Qb4 51. Qg5+ Kg7 52. Qe5+ Kf7 53. Qd5+ Ke7 54. Qb7+ Ke6 55. Qxh7 Qe4 56. Qxa7 b4 57. Qb6+ Kd5 58. Qb5+ Kd6 59. Qa6+ Kc5 60. Qa5+ Kc4 61. Qa2+ Kd3 62. Qb1+ Ke3 63. Qe1+ 1/2-1/2